[Event "16. Open de Figueres Miquel Mas 2015 -B"]
[Site "Figueres ESP"]
[Date "2015.08.11"]
[Round "1.1"]
[White "Fernandez Molas, Andreu"]
[Black "Guzman Maglaya, Noli"]
[Result "0-1"]
[WhiteElo "1691"]
[BlackElo "1941"]
[PlyCount "94"]
[EventDate "2015.08.11"]
[EventType "swiss"]
[EventRounds "9"]
[EventCountry "ESP"]
[Source "lmi"]
[SourceDate "2015.08.11"]

1. d4 Nf6 2. Nf3 e6 3. g3 Bb4+ 4. c3 Be7 5. Bg2 O-O 6. Nbd2 d5 7. Ne5 Nfd7 8.
f4 f6 9. Nxd7 Nxd7 10. O-O c5 11. e3 Nb6 12. Nf3 Re8 13. Re1 f5 14. Ne5 Nd7 15.
Qh5 Nxe5 16. fxe5 g6 17. Qe2 Bd7 18. a4 a6 19. c4 Bc6 20. Bd2 Qd7 21. Reb1 b5
22. axb5 axb5 23. cxd5 exd5 24. dxc5 Bxc5 25. Bc3 Ra4 26. Rxa4 bxa4 27. Rd1 Rd8
28. Kh1 Qb7 29. e4 Bb6 30. exd5 Qd7 31. e6 Qd6 32. Be5 Qc5 33. dxc6 Rxd1+ 34.
Qxd1 Qxe5 35. Bd5 Kg7 36. Qd2 Kf6 37. Kg2 g5 38. h4 h6 39. Bc4 Qe4+ 40. Kh2
Qxc4 41. hxg5+ hxg5 42. e7 Qxc6 43. e8=N+ Qxe8 44. Qd6+ Qe6 45. Qf8+ Kg6 46.
Qb4 Qe7 47. Kh3 g4+ 0-1

[Event "16. Open de Figueres Miquel Mas 2015 -B"]
[Site "Figueres ESP"]
[Date "2015.08.11"]
[Round "1.2"]
[White "Oliva Llorens, Antoni"]
[Black "Gili Muñoz, Daniel"]
[Result "1-0"]
[WhiteElo "1906"]
[BlackElo "1884"]
[PlyCount "104"]
[EventDate "2015.08.11"]
[EventType "swiss"]
[EventRounds "9"]
[EventCountry "ESP"]
[Source "lmi"]
[SourceDate "2015.08.11"]

1. e4 c5 2. d3 d6 3. g3 Nf6 4. Bg2 g6 5. Nc3 Bg7 6. f4 O-O 7. Nf3 Nc6 8. Ne2
Qc7 9. O-O Rb8 10. c3 Bd7 11. h3 Rfe8 12. Nh4 e5 13. f5 b5 14. fxg6 hxg6 15.
Bg5 Nh7 16. Be3 Qd8 17. Qd2 b4 18. Rf2 Rf8 19. Raf1 Be6 20. c4 Ra8 21. Kh2 a5
22. Nf3 Nd4 23. Nexd4 exd4 24. Bh6 Qe7 25. h4 Bg4 26. Bh3 Qd7 27. Bxg4 Qxg4 28.
Kg2 Rae8 29. Nh2 Qh5 30. Bxg7 Kxg7 31. Qf4 Qe5 32. Qg4 Re7 33. Nf3 Qe6 34. Qf4
Qf6 35. Qd2 Qe6 36. Ng5 Nxg5 37. Qxg5 Qe5 38. Rf5 Qe6 39. h5 Rh8 40. hxg6 fxg6
41. g4 Rh6 42. R5f4 Kh7 43. Rf8 Kg7 44. R8f5 Kh7 45. Qxe7+ Qxe7 46. Rf7+ Qxf7
47. Rxf7+ Kg8 48. Rf6 Rh4 49. Kf3 Kg7 50. Rxg6+ Kxg6 51. a3 Kg7 52. g5 Kg6 1-0

[Event "16. Open de Figueres Miquel Mas 2015 -B"]
[Site "Figueres ESP"]
[Date "2015.08.11"]
[Round "1.3"]
[White "Franch Bessa, Julia"]
[Black "Granados Aguilera, Cristian"]
[Result "0-1"]
[WhiteElo "1672"]
[BlackElo "1710"]
[PlyCount "102"]
[EventDate "2015.08.11"]
[EventType "swiss"]
[EventRounds "9"]
[EventCountry "ESP"]
[Source "lmi"]
[SourceDate "2015.08.11"]

1. Nf3 Nf6 2. d4 e6 3. c4 d5 4. Nc3 Be7 5. Bg5 O-O 6. e3 b6 7. cxd5 exd5 8. Be2
Bb7 9. O-O Nbd7 10. Rc1 h6 11. Bf4 a6 12. h3 c5 13. Ne5 Nxe5 14. Bxe5 Rc8 15.
Bf3 Ne4 16. Bg4 f5 17. Bh5 Bd6 18. Nxe4 fxe4 19. Bg4 Rc7 20. Bxd6 Qxd6 21. Rc2
Bc6 22. dxc5 bxc5 23. Qc1 Bb5 24. Rd1 Bd3 25. Rcd2 d4 26. Re1 Rcf7 27. exd4
cxd4 28. Qd1 e3 29. fxe3 Rf1+ 30. Rxf1 Rxf1+ 31. Qxf1 Bxf1 32. Kxf1 Qf6+ 33.
Ke2 dxe3 34. Kxe3 Qe5+ 35. Kf2 Kf7 36. a3 Kf6 37. Re2 Qf4+ 38. Bf3 g5 39. Re8
Qd4+ 40. Kg3 Qxb2 41. Re3 Qd2 42. Rb3 Qf4+ 43. Kf2 Qh4+ 44. Kg1 Qd4+ 45. Kh2 a5
46. a4 Kg6 47. Rb7 h5 48. Rb5 g4 49. hxg4 hxg4 50. Bd5 Qxa4 51. Rb6+ Kg5 0-1

[Event "16. Open de Figueres Miquel Mas 2015 -B"]
[Site "Figueres ESP"]
[Date "2015.08.11"]
[Round "1.4"]
[White "Clot Chico, Arnau"]
[Black "Hameau, Cyril"]
[Result "0-1"]
[WhiteElo "2053"]
[BlackElo "1875"]
[PlyCount "50"]
[EventDate "2015.08.11"]
[EventType "swiss"]
[EventRounds "9"]
[EventCountry "ESP"]
[Source "lmi"]
[SourceDate "2015.08.11"]

1. e4 e5 2. Nf3 Nc6 3. Bb5 Nf6 4. O-O Nxe4 5. d4 Nd6 6. Bxc6 dxc6 7. dxe5 Nf5
8. Qxd8+ Kxd8 9. b3 h6 10. Bb2 c5 11. Nc3 Be6 12. Rad1+ Kc8 13. Nd5 g5 14. h3
c4 15. Nf6 a5 16. g4 Ng7 17. Nd4 cxb3 18. cxb3 Be7 19. Nxe6 Nxe6 20. Nd5 Bc5
21. Kg2 c6 22. Nf6 Be7 23. Ne4 Rh7 24. Bc1 a4 25. f4 axb3 0-1

[Event "16. Open de Figueres Miquel Mas 2015 -B"]
[Site "Figueres ESP"]
[Date "2015.08.11"]
[Round "1.5"]
[White "Foix Breto, Antoni"]
[Black "Lazaro Porta, Angel"]
[Result "0-1"]
[WhiteElo "1645"]
[BlackElo "1910"]
[PlyCount "70"]
[EventDate "2015.08.11"]
[EventType "swiss"]
[EventRounds "9"]
[EventCountry "ESP"]
[Source "lmi"]
[SourceDate "2015.08.11"]

1. e4 c5 2. Nf3 d6 3. d4 cxd4 4. Nxd4 Nf6 5. Nc3 a6 6. Be3 e5 7. Nb3 Be6 8. f3
Be7 9. Qd2 Nbd7 10. Nd5 Bxd5 11. exd5 Rc8 12. O-O-O Qc7 13. c3 b5 14. Kb1 Nb6
15. Bxb6 Qxb6 16. Bd3 O-O 17. g4 a5 18. g5 Nh5 19. h4 Nf4 20. Rhe1 a4 21. Nc1
Rc5 22. Be4 Rfc8 23. Nd3 Nxd3 24. Qxd3 g6 25. Rc1 Qc7 26. Re3 b4 27. Qa6 a3 28.
b3 f5 29. gxf6 Bxf6 30. h5 Bg5 31. hxg6 Bxe3 32. gxh7+ Kh8 33. Rc2 Rxc3 34. Qe2
Rxc2 35. Bxc2 Qc3 0-1

[Event "16. Open de Figueres Miquel Mas 2015 -B"]
[Site "Figueres ESP"]
[Date "2015.08.12"]
[Round "2.1"]
[White "Guzman Maglaya, Noli"]
[Black "Claret, Franck"]
[Result "1/2-1/2"]
[WhiteElo "1941"]
[BlackElo "1928"]
[PlyCount "121"]
[EventDate "2015.08.11"]
[EventType "swiss"]
[EventRounds "9"]
[EventCountry "ESP"]
[Source "lmi"]
[SourceDate "2015.08.11"]

1. e4 c5 2. Nf3 d6 3. d4 cxd4 4. Nxd4 Nf6 5. Nc3 g6 6. Be2 Bg7 7. O-O O-O 8.
Be3 Nc6 9. h3 Nxd4 10. Bxd4 Be6 11. f4 Qa5 12. a3 Rac8 13. b4 Qc7 14. Rc1 Bc4
15. Rf3 Bxe2 16. Qxe2 Qc4 17. Rd3 Nh5 18. Bxg7 Nxf4 19. Qe3 Nxd3 20. cxd3 Qb3
21. Bxf8 Kxf8 22. Qd2 Qxa3 23. Ne2 Rxc1+ 24. Nxc1 Qa1 25. Kh2 Qe5+ 26. g3 h5
27. h4 d5 28. exd5 Qxd5 29. Ne2 b6 30. Nc3 Qb3 31. Ne4 a5 32. bxa5 bxa5 33. Nc5
Qa3 34. Qc2 Qb4 35. Na4 Qg4 36. Qb2 f5 37. Nc3 f4 38. Qb8+ Kg7 39. Qe5+ Kf7 40.
Qxf4+ Qxf4 41. gxf4 Kf6 42. Kg3 e5 43. Kf3 Kf5 44. fxe5 Kxe5 45. Ke3 g5 46. d4+
Kf5 47. hxg5 Kxg5 48. d5 Kf5 49. Kd4 h4 50. Kc5 h3 51. d6 h2 52. Ne2 Ke6 53.
Ng3 Kd7 54. Nh1 a4 55. Kb4 Kxd6 56. Kxa4 Ke5 57. Kb3 Ke4 58. Kc2 Kf3 59. Kd2
Kg2 60. Ke2 Kxh1 61. Kf1 1/2-1/2

[Event "16. Open de Figueres Miquel Mas 2015 -B"]
[Site "Figueres ESP"]
[Date "2015.08.12"]
[Round "2.2"]
[White "Fentes Caceres, Daniel"]
[Black "Oliva Llorens, Antoni"]
[Result "1/2-1/2"]
[WhiteElo "1800"]
[BlackElo "1906"]
[PlyCount "63"]
[EventDate "2015.08.11"]
[EventType "swiss"]
[EventRounds "9"]
[EventCountry "ESP"]
[Source "lmi"]
[SourceDate "2015.08.11"]

1. d4 Nf6 2. c4 c5 3. d5 e6 4. dxe6 fxe6 5. Nf3 Nc6 6. g3 Be7 7. Bg2 O-O 8. O-O
Rb8 9. Bf4 d6 10. Nc3 a6 11. a4 Nh5 12. Bc1 Nb4 13. e4 g6 14. h4 b6 15. Bh6 Re8
16. Bh3 Bf8 17. Bg5 Be7 18. Qd2 Ng7 19. Rad1 d5 20. Bxe7 Rxe7 21. exd5 exd5 22.
Bxc8 Rxc8 23. Nxd5 Nxd5 24. Qxd5+ Qxd5 25. cxd5 Nf5 26. Rd2 Rd8 27. Rfd1 b5 28.
axb5 axb5 29. b3 h6 30. Kg2 Kg7 31. g4 Nd6 32. Ra2 1/2-1/2

[Event "16. Open de Figueres Miquel Mas 2015 -B"]
[Site "Figueres ESP"]
[Date "2015.08.12"]
[Round "2.3"]
[White "Granados Aguilera, Cristian"]
[Black "Mallol Descarrega, Gerard"]
[Result "1-0"]
[WhiteElo "1710"]
[BlackElo "1508"]
[PlyCount "79"]
[EventDate "2015.08.11"]
[EventType "swiss"]
[EventRounds "9"]
[EventCountry "ESP"]
[Source "lmi"]
[SourceDate "2015.08.11"]

1. d4 e6 2. c4 d5 3. Nc3 Be7 4. Nf3 Nf6 5. cxd5 exd5 6. Bg5 h6 7. Bh4 O-O 8. e3
Bf5 9. Bd3 Bxd3 10. Qxd3 c6 11. O-O Nbd7 12. h3 Re8 13. Bg3 Nb6 14. Rab1 Bd6
15. Bxd6 Qxd6 16. Ne5 Nfd7 17. f4 Nxe5 18. fxe5 Qe6 19. Rf3 Nd7 20. Rbf1 f6 21.
exf6 Nxf6 22. Rxf6 gxf6 23. Qg6+ Kh8 24. Qxh6+ Kg8 25. Rf3 Kf7 26. Qh7+ Kf8 27.
e4 Qf7 28. Qh6+ Ke7 29. e5 Rh8 30. exf6+ Kd7 31. Qg5 Rag8 32. Qf4 Qg6 33. g4
Qg5 34. Ne2 Qg6 35. Kf2 Rf8 36. g5 Rh5 37. Qg4+ Ke8 38. Qe6+ Kd8 39. Qd6+ Kc8
40. Qxf8+ 1-0

[Event "16. Open de Figueres Miquel Mas 2015 -B"]
[Site "Figueres ESP"]
[Date "2015.08.12"]
[Round "2.4"]
[White "Lazaro Porta, Angel"]
[Black "Renaux, Osmin"]
[Result "1-0"]
[WhiteElo "1910"]
[BlackElo "1918"]
[PlyCount "76"]
[EventDate "2015.08.11"]
[EventType "swiss"]
[EventRounds "9"]
[EventCountry "ESP"]
[Source "lmi"]
[SourceDate "2015.08.11"]

1. Nf3 Nf6 2. c4 g6 3. Nc3 Bg7 4. d4 O-O 5. e4 d6 6. h3 Nbd7 7. Be3 c5 8. Qd2
Qa5 9. Be2 a6 10. O-O cxd4 11. Nxd4 Nc5 12. f3 Nh5 13. Rfd1 e5 14. Nc2 Ne6 15.
b4 Qd8 16. Qxd6 Qh4 17. Qd2 Nef4 18. Bf1 Qg3 19. Kh1 Bxh3 20. gxh3 Qxf3+ 21.
Bg2 Qg3 22. Qf2 Qg5 23. Kh2 f5 24. Rg1 fxe4 25. Nxe4 Qf5 26. Bc5 Rfd8 27. Ne3
Qe6 28. Rad1 b6 29. Rd6 Rxd6 30. Bxd6 Bh6 31. Ng4 Bg7 32. Bf1 b5 33. c5 Qd5 34.
Bg2 Qd3 35. Re1 Nxg2 36. Qxg2 Nf4 37. Nef6+ Bxf6 38. Qxa8+ Kg7 1-0

[Event "16. Open de Figueres Miquel Mas 2015 -B"]
[Site "Figueres ESP"]
[Date "2015.08.12"]
[Round "2.5"]
[White "Vidal Palou, Jordi"]
[Black "Nuñez Colome, David"]
[Result "0-1"]
[WhiteElo "1680"]
[BlackElo "1701"]
[PlyCount "86"]
[EventDate "2015.08.11"]
[EventType "swiss"]
[EventRounds "9"]
[EventCountry "ESP"]
[Source "lmi"]
[SourceDate "2015.08.11"]

1. d4 e6 2. e4 d5 3. e5 c5 4. c3 Nc6 5. Nf3 Qb6 6. b3 cxd4 7. cxd4 Bb4+ 8. Bd2
Nxd4 9. Nxd4 Qxd4 10. Bb5+ Bd7 11. Bxd7+ Kxd7 12. Bxb4 Qxa1 13. O-O Qxe5 14.
Bc3 Qg5 15. Qd4 Ne7 16. Qb4 Rhb8 17. f4 Qg6 18. Be5 Nc6 19. Qd6+ Ke8 20. Bb2
Rd8 21. Qc5 f5 22. Re1 Kf7 23. Qb5 Rd7 24. Nd2 Rad8 25. Nf3 d4 26. Ng5+ Kg8 27.
Rxe6 Qh5 28. Qc4 Kh8 29. Re1 Re8 30. Rf1 h6 31. Nf3 Qf7 32. Qb5 Qd5 33. Qd3 Re3
34. Qd1 Qe4 35. Nh4 Re2 36. Bc1 Qc2 37. Qxc2 Rxc2 38. Nxf5 Rxa2 39. Re1 d3 40.
Nh4 Re2 41. Rd1 d2 42. Bxd2 Rexd2 43. Ng6+ Kg8 0-1

[Event "16. Open de Figueres Miquel Mas 2015 -B"]
[Site "Figueres ESP"]
[Date "2015.08.13"]
[Round "3.1"]
[White "Granados Aguilera, Cristian"]
[Black "Salleras Mercader, Josep M|_"]
[Result "1-0"]
[WhiteElo "1710"]
[BlackElo "1572"]
[PlyCount "53"]
[EventDate "2015.08.11"]
[EventType "swiss"]
[EventRounds "9"]
[EventCountry "ESP"]
[Source "lmi"]
[SourceDate "2015.08.11"]

1. d4 Nf6 2. c4 e6 3. Nc3 d5 4. Nf3 Be7 5. e3 O-O 6. Bd3 Nbd7 7. O-O b6 8. Qe2
Bb7 9. Rd1 c5 10. b3 Qc7 11. Bb2 Rfc8 12. Rac1 a6 13. cxd5 Nxd5 14. Nxd5 Bxd5
15. dxc5 bxc5 16. Bxa6 Bxf3 17. gxf3 Nf6 18. Bb5 Rcb8 19. Bxf6 Bxf6 20. Rd2 Qe5
21. f4 Qf5 22. Bd3 Qh3 23. Rxc5 e5 24. Rcc2 exf4 25. Be4 Ra5 26. exf4 Bd8 27.
Bf5 1-0

[Event "16. Open de Figueres Miquel Mas 2015 -B"]
[Site "Figueres ESP"]
[Date "2015.08.13"]
[Round "3.2"]
[White "Ruiz De Morales, Jaume"]
[Black "Lazaro Porta, Angel"]
[Result "0-1"]
[WhiteElo "1510"]
[BlackElo "1910"]
[PlyCount "118"]
[EventDate "2015.08.11"]
[EventType "swiss"]
[EventRounds "9"]
[EventCountry "ESP"]
[Source "lmi"]
[SourceDate "2015.08.11"]

1. e4 c5 2. d3 g6 3. g3 b5 4. Bg2 Bb7 5. f4 Bg7 6. Nf3 Qa5+ 7. c3 b4 8. Qb3 Qb6
9. Be3 a5 10. e5 Nh6 11. O-O Ng4 12. Ng5 O-O 13. Bxb7 Ra7 14. Bxc5 Qxc5+ 15. d4
Qb6 16. Bf3 Ne3 17. Re1 a4 18. Qxb4 Qxb4 19. cxb4 Nc2 20. Nc3 Nxa1 21. Rxa1 a3
22. b3 h6 23. Nb5 Ra6 24. Ne4 Rb6 25. Nxa3 Rxb4 26. d5 d6 27. Nc4 dxe5 28. fxe5
Nd7 29. Re1 Nxe5 30. Nxe5 Bxe5 31. Nd2 Bc3 32. Re2 Rd8 33. Nc4 Kf8 34. Ne5 Bxe5
35. Rxe5 f6 36. Re2 Rb6 37. Rd2 e5 38. Be2 Ke7 39. Bc4 f5 40. a4 Ra8 41. Kf2
Kd6 42. Ke3 Rb4 43. Kd3 Rb6 44. Ke2 Rab8 45. a5 Rxb3 46. Bxb3 Rxb3 47. Rd3 Rxd3
48. Kxd3 Kxd5 49. g4 f4 50. a6 Kc6 51. Ke4 Kb6 52. Kxe5 f3 53. Kf6 f2 54. Kxg6
f1=Q 55. h4 Qf4 56. Kh5 Kxa6 57. g5 hxg5 58. hxg5 Kb6 59. g6 Qf8 0-1

[Event "16. Open de Figueres Miquel Mas 2015 -B"]
[Site "Figueres ESP"]
[Date "2015.08.13"]
[Round "3.3"]
[White "Nuñez Colome, David"]
[Black "Juan Bartroli, Marc"]
[Result "1-0"]
[WhiteElo "1701"]
[BlackElo "1496"]
[PlyCount "85"]
[EventDate "2015.08.11"]
[EventType "swiss"]
[EventRounds "9"]
[EventCountry "ESP"]
[Source "lmi"]
[SourceDate "2015.08.11"]

1. e4 c6 2. d4 d5 3. Nc3 dxe4 4. Nxe4 Bf5 5. Ng3 Bg6 6. h4 h6 7. h5 Bh7 8. Nf3
Nd7 9. Bd3 Bxd3 10. Qxd3 e6 11. Bd2 Ngf6 12. O-O-O Be7 13. Ne4 Nxe4 14. Qxe4
Nf6 15. Qe2 Qd5 16. c4 Qe4 17. Rde1 Qxe2 18. Rxe2 O-O 19. Bc3 Rfd8 20. Kb1 Ng4
21. Ne1 b5 22. f3 Nf6 23. b3 bxc4 24. bxc4 Rab8+ 25. Kc2 Bb4 26. Nd3 Bxc3 27.
Kxc3 Rb6 28. g4 Rdb8 29. Rhh2 Nd7 30. Rb2 Kf8 31. Rxb6 Rxb6 32. Rb2 Ke7 33.
Rxb6 axb6 34. c5 b5 35. Kb4 Kd8 36. Ka5 Kc7 37. Ka6 Nb8+ 38. Ka7 Nd7 39. Ne5
Nxe5 40. dxe5 Kd7 41. Kb7 g6 42. a3 g5 43. Kb6 1-0

[Event "16. Open de Figueres Miquel Mas 2015 -B"]
[Site "Figueres ESP"]
[Date "2015.08.13"]
[Round "3.4"]
[White "Alabert Vidal, Marc"]
[Black "Hameau, Cyril"]
[Result "1-0"]
[WhiteElo "2021"]
[BlackElo "1875"]
[PlyCount "68"]
[EventDate "2015.08.11"]
[EventType "swiss"]
[EventRounds "9"]
[EventCountry "ESP"]
[Source "lmi"]
[SourceDate "2015.08.11"]

1. e4 e5 2. Nf3 Nc6 3. Bc4 Bc5 4. c3 d6 5. d4 exd4 6. cxd4 Bb4+ 7. Bd2 Bxd2+ 8.
Nbxd2 Nf6 9. O-O O-O 10. Rc1 Bg4 11. Qc2 Rc8 12. a3 h6 13. b4 a6 14. Rfe1 d5
15. exd5 Nxd5 16. Qb3 Nb6 17. d5 Ne7 18. Ne5 Nxc4 19. Ndxc4 Bh5 20. Ne3 Qd6 21.
N5c4 Qf6 22. Na5 b6 23. Nc6 Ng6 24. Na7 Rce8 25. Rxc7 Nf4 26. Rc6 Qg5 27. g3
Re4 28. h4 Nh3+ 29. Kh2 Rxh4 30. Ng2 Rd4 31. Kxh3 Qf5+ 32. Kh2 Bf3 33. Rc3 Bxd5
34. Qb2 Qh5+ 1-0

[Event "16. Open de Figueres Miquel Mas 2015 -B"]
[Site "Figueres ESP"]
[Date "2015.08.13"]
[Round "3.5"]
[White "Gonzalez Martin, Fernando"]
[Black "Martin Fernandez, Santiago"]
[Result "0-1"]
[WhiteElo "1912"]
[BlackElo "1824"]
[PlyCount "70"]
[EventDate "2015.08.11"]
[EventType "swiss"]
[EventRounds "9"]
[EventCountry "ESP"]
[Source "lmi"]
[SourceDate "2015.08.11"]

1. d4 Nf6 2. c4 e6 3. g3 Bb4+ 4. Bd2 Qe7 5. Bg2 O-O 6. Nf3 Ne4 7. a3 Bxd2+ 8.
Nfxd2 Nxd2 9. Nxd2 a5 10. O-O Nc6 11. Nf3 d5 12. Qc2 Bd7 13. e3 a4 14. cxd5
exd5 15. Rac1 Rfc8 16. Qc5 Be6 17. Qxe7 Nxe7 18. Ng5 Bd7 19. Rc5 c6 20. Bh3
Bxh3 21. Nxh3 Nf5 22. Nf4 Nd6 23. Rfc1 Nc4 24. e4 b6 25. R5xc4 dxc4 26. Rxc4 b5
27. Rb4 Kf8 28. d5 Rab8 29. dxc6 Rxc6 30. Nd5 Rc4 31. Kf1 Rxb4 32. axb4 Rc8 33.
Ne3 Rc1+ 34. Ke2 Rb1 35. Nd1 Rxb2+ 0-1

[Event "16. Open de Figueres Miquel Mas 2015 -B"]
[Site "Figueres ESP"]
[Date "2015.08.14"]
[Round "4.1"]
[White "Martin Fernandez, Santiago"]
[Black "Granados Aguilera, Cristian"]
[Result "0-1"]
[WhiteElo "1824"]
[BlackElo "1710"]
[PlyCount "83"]
[EventDate "2015.08.11"]
[EventType "swiss"]
[EventRounds "9"]
[EventCountry "ESP"]
[Source "lmi"]
[SourceDate "2015.08.11"]

1. c4 e5 2. Nc3 Nf6 3. g3 d5 4. cxd5 Nxd5 5. Bg2 Be6 6. Nf3 Nc6 7. O-O Be7 8.
d3 O-O 9. Bd2 Qd7 10. Rc1 f6 11. b3 Ba3 12. Rb1 Bb4 13. Ne4 b6 14. Bxb4 Ncxb4
15. a3 Na6 16. d4 Bf5 17. Nh4 Bxe4 18. Bxe4 Nc3 19. Qd3 Nxe4 20. Qxe4 exd4 21.
Rfd1 c5 22. e3 Rad8 23. Qd3 Nb8 24. Ng2 dxe3 25. Qc4+ Qf7 26. Qxf7+ Kxf7 27.
Nxe3 Nc6 28. Kg2 Rxd1 29. Nxd1 Rd8 30. Ne3 Rd3 31. a4 Nd4 32. b4 Rb3 33. Rxb3
Nxb3 34. bxc5 Ke6 35. f4 Nd2 36. Kf2 Ne4+ 37. Ke2 Nc3+ 38. Kd3 Nd5 39. Nc4 Nb4+
40. Kc3 Kd5 41. Nd2 Na2+ 42. Kd3 0-1

[Event "16. Open de Figueres Miquel Mas 2015 -B"]
[Site "Figueres ESP"]
[Date "2015.08.14"]
[Round "4.2"]
[White "Lazaro Porta, Angel"]
[Black "Nuñez Colome, David"]
[Result "0-1"]
[WhiteElo "1910"]
[BlackElo "1701"]
[PlyCount "88"]
[EventDate "2015.08.11"]
[EventType "swiss"]
[EventRounds "9"]
[EventCountry "ESP"]
[Source "lmi"]
[SourceDate "2015.08.11"]

1. Nf3 e6 2. g3 Nf6 3. Bg2 c5 4. O-O d5 5. c4 Be7 6. d4 b6 7. cxd5 exd5 8. Nc3
O-O 9. Qc2 Bb7 10. Rd1 Qc8 11. Bg5 Nbd7 12. Bh3 c4 13. Ne5 Bc6 14. Nxc6 Qxc6
15. Bg2 Bb4 16. e4 Bxc3 17. exd5 Nxd5 18. bxc3 h6 19. Qf5 Qe6 20. Qxd5 Qxd5 21.
Bxd5 hxg5 22. Bxa8 Rxa8 23. Re1 Nf6 24. Re5 Rd8 25. Rxg5 Ne4 26. Re5 Nxc3 27.
Rc1 f6 28. Ree1 Nb5 29. Rxc4 Nxd4 30. Rc7 Nf3+ 31. Kf1 Nxe1 32. Kxe1 a5 33. Rb7
Rd6 34. h4 Kh7 35. Ke2 Kh6 36. g4 Rd4 37. f3 Rb4 38. a4 Rb3 39. Re7 Rb4 40. Re4
Rb3 41. Rd4 Kg6 42. f4 Rh3 43. h5+ Kh6 44. Rd8 Kh7 0-1

[Event "16. Open de Figueres Miquel Mas 2015 -B"]
[Site "Figueres ESP"]
[Date "2015.08.14"]
[Round "4.3"]
[White "Oliva Llorens, Antoni"]
[Black "Alabert Vidal, Marc"]
[Result "1-0"]
[WhiteElo "1906"]
[BlackElo "2021"]
[PlyCount "67"]
[EventDate "2015.08.11"]
[EventType "swiss"]
[EventRounds "9"]
[EventCountry "ESP"]
[Source "lmi"]
[SourceDate "2015.08.11"]

1. e4 c5 2. Nc3 d6 3. f4 e6 4. Nf3 Nf6 5. g3 Be7 6. Bg2 O-O 7. d3 Nc6 8. Ne2 a6
9. O-O Qc7 10. Kh1 b5 11. Be3 Bb7 12. h3 Rfd8 13. g4 e5 14. g5 Nh5 15. Qe1 exf4
16. Nxf4 Nxf4 17. Bxf4 Ne5 18. Qg3 Ng6 19. Be3 Ne5 20. h4 Bc8 21. h5 g6 22. h6
Be6 23. Rad1 Nxf3 24. Rxf3 Rac8 25. b3 Qa5 26. Rdf1 Qxa2 27. Bh3 Rf8 28. R3f2
Qb2 29. Bxe6 fxe6 30. Qh3 Qe5 31. Bf4 Rxf4 32. Rxf4 Bxg5 33. Rf7 Qc3 34. Qxe6
1-0

[Event "16. Open de Figueres Miquel Mas 2015 -B"]
[Site "Figueres ESP"]
[Date "2015.08.14"]
[Round "4.4"]
[White "Perez Lopez, Alfonso"]
[Black "Saliou, Jean-Yves"]
[Result "0-1"]
[WhiteElo "1791"]
[BlackElo "1910"]
[PlyCount "81"]
[EventDate "2015.08.11"]
[EventType "swiss"]
[EventRounds "9"]
[EventCountry "ESP"]
[Source "lmi"]
[SourceDate "2015.08.11"]

1. Nf3 g6 2. g3 Bg7 3. c4 c6 4. Nc3 d5 5. cxd5 cxd5 6. Bg2 e5 7. d3 Nc6 8. Qb3
Nge7 9. Ng5 Nd4 10. Qd1 h6 11. Nf3 Ndc6 12. O-O O-O 13. Bd2 Bg4 14. Rc1 Qd7 15.
Re1 Rfd8 16. h4 e4 17. Nh2 Bf5 18. dxe4 dxe4 19. Bf4 Qe6 20. Qa4 Bxc3 21. bxc3
Kh7 22. Qb3 Nd5 23. Be3 Na5 24. Qb5 Nxe3 25. fxe3 b6 26. Qa4 h5 27. Red1 Rxd1+
28. Qxd1 Qxa2 29. Kf2 Rc8 30. Qd4 Nb3 31. Qd1 Nxc1 32. Qxc1 Qc4 33. Nf1 Qxc3
34. Qb1 Qc2 35. Qa1 Rc7 36. Qd4 Qc3 37. Nd2 Qxd4 38. exd4 a5 39. e3 a4 40. Bf1
a3 41. Nb3 0-1

[Event "16. Open de Figueres Miquel Mas 2015 -B"]
[Site "Figueres ESP"]
[Date "2015.08.14"]
[Round "4.6"]
[White "Vidal Palou, Jordi"]
[Black "Clot Chico, Arnau"]
[Result "1-0"]
[WhiteElo "1680"]
[BlackElo "2053"]
[PlyCount "26"]
[EventDate "2015.08.11"]
[EventType "swiss"]
[EventRounds "9"]
[EventCountry "ESP"]
[Source "lmi"]
[SourceDate "2015.08.11"]

1. d4 e6 2. e4 d5 3. exd5 exd5 4. Nf3 Nc6 5. c3 Bd6 6. Bd3 f6 7. Qb3 Nge7 8. c4
dxc4 9. Qxc4 Bg4 10. Be4 Bxf3 11. Bxf3 Bb4+ 12. Bd2 Bxd2+ 13. Nxd2 Nxd4 1-0

[Event "16. Open de Figueres Miquel Mas 2015 -B"]
[Site "Figueres ESP"]
[Date "2015.08.15"]
[Round "5.1"]
[White "Granados Aguilera, Cristian"]
[Black "Oliva Llorens, Antoni"]
[Result "1/2-1/2"]
[WhiteElo "1710"]
[BlackElo "1906"]
[PlyCount "61"]
[EventDate "2015.08.11"]
[EventType "swiss"]
[EventRounds "9"]
[EventCountry "ESP"]
[Source "lmi"]
[SourceDate "2015.08.11"]

1. d4 Nf6 2. Nf3 e6 3. e3 b6 4. Bd3 Bb7 5. O-O c5 6. c4 Be7 7. Nc3 O-O 8. Qe2
d6 9. Rd1 Nbd7 10. b3 Qc7 11. Bb2 a6 12. Rac1 Rac8 13. e4 cxd4 14. Nxd4 Qb8 15.
Bb1 Rfd8 16. Ba3 Bf8 17. Nf3 Nc5 18. Bxc5 dxc5 19. Rxd8 Rxd8 20. Rd1 g6 21.
Rxd8 Qxd8 22. Qd3 Qc7 23. Qe3 Ng4 24. Qg5 h5 25. h3 Be7 26. Qd2 Ne5 27. Nxe5
Qxe5 28. f4 Qc7 29. e5 Kg7 30. Ne4 Bxe4 31. Bxe4 1/2-1/2

[Event "16. Open de Figueres Miquel Mas 2015 -B"]
[Site "Figueres ESP"]
[Date "2015.08.15"]
[Round "5.2"]
[White "Saliou, Jean-Yves"]
[Black "Guzman Maglaya, Noli"]
[Result "1-0"]
[WhiteElo "1910"]
[BlackElo "1941"]
[PlyCount "51"]
[EventDate "2015.08.11"]
[EventType "swiss"]
[EventRounds "9"]
[EventCountry "ESP"]
[Source "lmi"]
[SourceDate "2015.08.11"]

1. e4 e5 2. Nf3 d6 3. d4 exd4 4. Nxd4 Nf6 5. Nc3 Be7 6. Bf4 a6 7. a4 c5 8. Nf3
Nc6 9. h3 O-O 10. Qd2 Re8 11. Bc4 Bf8 12. O-O Be6 13. Bxe6 fxe6 14. Rad1 Nd4
15. Bg3 e5 16. Qd3 Be7 17. Ne2 Kh8 18. Ng5 Qd7 19. c3 Nxe2+ 20. Qxe2 Qxa4 21.
c4 Qc6 22. Rfe1 h6 23. Nf3 h5 24. Nh4 Kh7 25. Nf5 Bd8 26. Bh4 1-0

[Event "16. Open de Figueres Miquel Mas 2015 -B"]
[Site "Figueres ESP"]
[Date "2015.08.15"]
[Round "5.3"]
[White "Gonzalez Martin, Fernando"]
[Black "Lazaro Porta, Angel"]
[Result "1/2-1/2"]
[WhiteElo "1912"]
[BlackElo "1910"]
[PlyCount "67"]
[EventDate "2015.08.11"]
[EventType "swiss"]
[EventRounds "9"]
[EventCountry "ESP"]
[Source "lmi"]
[SourceDate "2015.08.11"]

1. d4 Nf6 2. c4 e6 3. g3 c5 4. Nf3 b6 5. Bg2 Bb7 6. O-O Be7 7. Nc3 cxd4 8. Qxd4
Nc6 9. Qd2 Na5 10. Qd3 Rc8 11. b3 a6 12. Bb2 O-O 13. Rfd1 Qc7 14. Rac1 Rfd8 15.
h4 h6 16. Ne1 Bxg2 17. Nxg2 Nc6 18. Qb1 Qb8 19. Ne4 Ne8 20. Nc3 Bf6 21. Ne4
Bxb2 22. Qxb2 f5 23. Nc3 Ne7 24. Qd2 d5 25. cxd5 Nxd5 26. Nxd5 Rxd5 27. Qe3
Rxd1+ 28. Rxd1 e5 29. Rd5 Nf6 30. Rd1 Qc7 31. f3 Re8 32. Kf2 e4 33. Qf4 Qc5+
34. Qe3 1/2-1/2